K problematike výskumu dejín národnostných menšín a ich politických strán na Slovensku za prvej ČSR
Dejiny národnostných menšín na Slovensku za prvej Československej republiky. Postavenie politických strán jednotlivých národnostných menšín v tomto období - ich úspešnosť vo voľbách.
Salvato in:
| Autore principale: | |
|---|---|
| Natura: | Capitolo di libro |
| Lingua: | slovacco |
| Soggetti: | |
| Tags: |
Nessun Tag, puoi essere il primo ad aggiungerne!!
|
MARC
| LEADER | 00000naa a2200000 4500 | ||
|---|---|---|---|
| 001 | r045200 | ||
| 005 | 20230530130555.0 | ||
| 041 | 0 | |a slo | |
| 044 | |a SK | ||
| 245 | 1 | 0 | |a K problematike výskumu dejín národnostných menšín a ich politických strán na Slovensku za prvej ČSR |c Milan Zemko |
| 520 | |a Dejiny národnostných menšín na Slovensku za prvej Československej republiky. Postavenie politických strán jednotlivých národnostných menšín v tomto období - ich úspešnosť vo voľbách. | ||
| 610 | 2 | 0 | |a menšiny národnostné |
| 610 | 2 | 0 | |a história |
| 610 | 2 | 0 | |a strany politické |
| 610 | 2 | 0 | |a voľby |
| 610 | 2 | 0 | |a 1918-1938 |
| 610 | 2 | 0 | |a Slovensko |
| 100 | 1 | |a Zemko, Milan | |